000 00468nam a2200157Ia 4500
999 _c7099
_d7099
003 OSt
005 20200120122755.0
008 190216s9999||||xx |||||||||||||| ||und||
040 _coclc
082 _a658
_bSHE/M
100 _aSherlekar, S A
_91234
245 0 _aModern Business Organisation And Management /
_cS A Sherlekar
260 _bHimalaya Publishing House,
_c2006.
_aMumbai:
300 _a850p
942 _cBK
_2ddc
_h658
_iSHE/M
_k658
_mSHE/M